000 00396nam a2200181Ia 4500
001 670
005 20260306140535.0
008 260306t2005||||xx |||||||||||||| ||spa||
041 _aESP
082 _a128.2
_bS731
100 _aSearle, John R.
_eAUT
245 0 _aLa mente
260 _c2005
300 _a282 páginas :
_c22 cm.
650 _aGEN
654 _aCHU
942 _cLIB
_dJUS
_fJUS
_2ddc
_n
999 _c670
_d670